Регионална библиотека "Любен Каравелов" - Русе

Защо са построени пирамидите (Запис номер 63076)

MARC детайли
000 -Лидер
Контролно поле с фиксирана дължина 01690nam a2200397 c 4500
003 - Код на организацията, давaща контролен номер
Контролно поле BLK
005 - Дата и час на последна редакция
Контролно поле 20210205092854.0
008 - Елементи от данни с фиксирана дължина
fixed length control field 180408b bul|||||r ||||||| ||bul||
010 ## - Наследен системен номер
LC control number KNG00067306000
020 ## - Международен стандартен номер на книга ISBN
Международен стандартен номер на книга ISBN 954-308-111-5
040 ## - Източник на каталожния запис
Идентификатор на билиотеката - собственик на записа BLK
041 ## - Код за език
Код за езика на текст/звукозапис или на отделно заглавие Български
Код за езика КДБФ Български
080 ## - УДК
Текстов определител УДК История на Египет (до 640 г. н. е.)
УДК код - определител по УДК 932
УДК - код + определител 932
080 ## - УДК
Текстов определител УДК Паметници на културата на историческите периоди. Археологическите паметници. Старини
УДК код - определител по УДК 904
УДК определител (32)
УДК - код + определител 904(32)
100 1# - Редна дума - Автор
Автор Steele, Philip
Авторска отговорност първи автор
R(LIN) 284434
139 ## - Редно поле
Редна дума Стийл, Филип
Авторски знак Сти - С 76
245 10 - Сведения за заглавието
Заглавие Защо са построени пирамидите
Редно поле (дума) * Филип Стийл; Philip Steele; прев. Доряна Стефанова Петрова.
257 ## - Страна на издаване
Страна на създаване/издаване Великобритания
260 ## - Област на издателските данни
Име на издателя, разпространителя и проч. Прес
Година на издаване 2006
Печатница Пловдив : Делта+
300 ## - Физическа характеристика
Страници 32 с.
Илюстрации и др. с цв. ил.
Размери/Мащаб 29 см
380 ## - Жанр
Жанр Детска отраслова лит.
490 ## - СЕРИИ (Колекции)
Име на серия Искам всичко да знам
№: серия 24
9 (RLIN) 201509
500 ## - Общи забележки
Забележка Ориг. загл. Pyramids were built / Philip Steele. -Съдържа и Пирамидите - тест. - Предм. показалец
650 #4 - Допълнително описание по предмет – тема
Основно описание – тема или топоним Египет
9 (RLIN) 252149
650 #4 - Допълнително описание по предмет – тема
Основно описание – тема или топоним Пирамиди - Древен Египет
9 (RLIN) 244478
653 ## - Ключова дума – ненормативна
Ключова дума Египет
653 ## - Ключова дума – ненормативна
Ключова дума пирамиди
653 ## - Ключова дума – ненормативна
Ключова дума Древен Египет
700 1# - Други автори (авторска отговорност)
Лично име Стийл, Филип
Автороска отговорност (Описва отношението между автора и произведението) *
9 (RLIN) 368748
700 1# - Други автори (авторска отговорност)
Лично име Петрова, Доряна Стефанова
Автороска отговорност (Описва отношението между автора и произведението) прев.
9 (RLIN) 370118
852 ## - Местоположение
Форматна сигнатура Цб ІІ 13895
856 4# - Електронен адрес и достъп
Електронен формат pdf - файл
856 4# - Електронен адрес и достъп
Електронен формат pdf - файл
999 ## - СИСТЕМНИ КОНТРОЛНИ НОМЕРА
Koha biblionumber 63076
Koha biblioitemnumber 63076
942 ## - АРТИКУЛИ
Вид на библиотечния материал Книги
Скрит в OPAC Не
Koha issues (borrowed), all copies 1
Периодичен библиозапис Да
944 ## - СЪЗДАВАНЕ И РЕДАКЦИЯ на ЗАПИСА
Създаване/Редакция Създаване
Дата на регистрацията/редакция 28.07.2006
Служител, извършил регистрацията/редакцията Геновева_Генчева
944 ## - СЪЗДАВАНЕ И РЕДАКЦИЯ на ЗАПИСА
Създаване/Редакция Редакция
Дата на регистрацията/редакция 11.01.2007
999 ## - СИСТЕМНИ КОНТРОЛНИ НОМЕРА
Koha biblioitemnumber 63076
Наличности
Код за отписване Код за изгубен артикул Източник на класификационната схема Код за повреда Коз за рестрикции Код за отдаване Артикулен № Име на библиотеката - собственик Име на библиотеката, в която се намира в момента Статус (Текущо местоположение) Дата на вписване в системата Местоположение - отдел Цена в лева Инвентарен номер Систематично азбучна сигнатура Баркод Номер на екземпляра Цена в евро Служебна бележка Служебен тип на артикула
Изтеглен Не е изгубен Universal Decimal Classification Не е повреден без рестрикции заемане за дома 104589 Регионална библиотека "Любен Каравелов" Русе Регионална библиотека "Любен Каравелов" Русе Детски отдел 2006-07-28 Детски отдел 3.99 120000704027 Д 931/939/С 76 120000704027 1 2.04 Дост: Pk Вид: Ф N: 42656 Дата: 26.07.2006 Книги
  Не е изгубен   Не е повреден без рестрикции ползва се в читалня 104590 Регионална библиотека "Любен Каравелов" Русе Регионална библиотека "Любен Каравелов" Русе Хранилище 2006-12-14 Хранилище 4.00 120000707507 Цб ІІ 13895 120000707507 2 2.05 Дост: Dp Вид: Д N: 5 Дата: 11.01.2006 Книги
Vip Innovations Ltd, Rousse, Bulgaria 2025